Normal view
MARC view
- Lucas, Stephen
Entry Personal Name
001 - CONTROL NUMBER
- control field: 7903
003 - CONTROL NUMBER IDENTIFIER
- control field: OSt
005 - DATE AND TIME OF LATEST TRANSACTION
- control field: 20170524162337.0
008 - FIXED-LENGTH DATA ELEMENTS
- fixed length control field: 170524|| aca||aabn | a|a d
040 ## - CATALOGING SOURCE
- Original cataloging agency: OSt
- Transcribing agency: OSt
100 ## - HEADING--PERSONAL NAME
- Personal name: Lucas, Stephen
670 ## - SOURCE DATA FOUND
- Source citation: Work cat.: (OSt): Lucas, Stephen, Topicfinder to accompany The art of public speaking, 8th ed, 2004

PORTAL AKMAL
E-MEL JKDM
AKMAL2U
G-BAM
u-PUSTAKA